Statistiques concernant Box office - Marion Cotillard

Cliquez ici pour prendre le quiz!

Statistiques générales

  • Ce quiz a été pris 55 fois
    (34 depuis la dernière actualisation)
  • Le résultat moyen est 5 sur 10

Statistiques - réponses

EntréesFilm% Correct
5,1 millionsLa Môme (La Vie en Rose)
71%
4,9 millionsInception
65%
5,4 millionsLes Petits Mouchoirs
65%
4,4 millionsThe Dark Knight Rises
65%
6,5 millionsTaxi
55%
10,3 millionsTaxi 2
45%
6,1 millionsTaxi 3
45%
4,6 millionsAstérix et Obélix : Au Service de Sa Majesté
35%
3 millionsNous finirons ensemble
29%
4,4 millionsUn long dimanche de fiançailles
16%

Distribution des résultats

Percentile par nombre de réponses

% des personnes avec chaque résultat

Votre développement - résultats

Vous n’avez pas pris ce quiz depuis la dernière actualisation